La production de viande bovine (Record no. 10304)

000 -LEADER
fixed length control field 00233nam a22001217a 4500
040 ## - CATALOGING SOURCE
Transcribing agency HS
082 ## - DEWEY DECIMAL CLASSIFICATION NUMBER
Classification number 636
100 ## - MAIN ENTRY--AUTHOR NAME
Personal name NA
245 ## - TITLE STATEMENT
Title La production de viande bovine
260 ## - PUBLICATION, DISTRIBUTION, ETC. (IMPRINT)
Place of publication Paris
Name of publisher NA
Year of publication 1987
300 ## - PHYSICAL DESCRIPTION
Number of Pages 175p;
942 ## - ADDED ENTRY ELEMENTS (KOHA)
Koha item type សៀវភៅភាសាបារាំង
952 ## - LOCATION AND ITEM INFORMATION (KOHA)
Withdrawn status [LOCAL, KOHA] 0
952 ## - LOCATION AND ITEM INFORMATION (KOHA)
Withdrawn status [LOCAL, KOHA] 0
952 ## - LOCATION AND ITEM INFORMATION (KOHA)
Withdrawn status [LOCAL, KOHA] 0
Holdings
Permanent Location Date acquired Koha item type Lost status Shelving location Barcode Current Location Full call number
Library Block C2016-10-12សៀវភៅភាសាបារាំង C237RUA045420Library Block C636 NA 1987 C237
Library Block C2016-10-13សៀវភៅភាសាបារាំង C249RUA045993Library Block C636 NA 1987 C249
Library Block C2016-10-13សៀវភៅភាសាបារាំង C249RUA045878Library Block C636 NA 1987 C249
មជ្ឈមណ្ឌលឯការនៃសាកលវិទ្យាល័យភូមិន្ទកសិកម្មចំការដូង

Powered by Koha